[Event "Budapest FS02 Nadassy"]
[Site "Budapest"]
[Date "2024.02.07"]
[Round "5.4"]
[White "Kis, Bela"]
[Black "La Barbera, Manfredi"]
[Result "0-1"]
[WhiteElo "1892"]
[BlackElo "1955"]
[PlyCount "104"]
[EventDate "2024.02.03"]
[EventType "tourn"]
[EventRounds "12"]
[EventCountry "HUN"]
[SourceTitle "CB08_2024"]
[SourceDate "2024.02.21"]
[SourceVersion "1"]
[SourceVersionDate "2024.02.21"]
[SourceQuality "1"]
[WhiteTeam "Team Higher Elo"]
[BlackTeam "Team Lower Elo"]
[WhiteTeamCountry "HUN"]
[BlackTeamCountry "HUN"]

1. d4 Nf6 2. c4 e6 3. Nf3 d5 4. Nc3 Nbd7 5. e3 a6 6. a4 b6 7. Bd3 dxc4 8. Bxc4 Bb7 9. 0-0 Bb4 10. Qb3 Qe7 11. Ne1 0-0 12. Be2 e5 13. Nd3 Bd6 14. dxe5 Nxe5 15. Nxe5 Qxe5 16. g3 Qf5 17. f3 Qh3 18. Rf2 Bc5 19. Bf1 Qh5 20. Bg2 Rfe8 21. Ne2 Nd5 22. Nd4 Rad8 23. g4 Qg5 24. f4 Qf6 25. Nf5 g6 26. Nh6+ Kf8 27. g5 Qe7 28. Bxd5 Rxd5 29. Qc3 Rd1+ 30. Rf1 Bd4 31. Qb3 Rxc1 32. exd4 Rxa1 33. Rxa1 Qd7 34. Rd1 Bd5 35. Qb4+ Qe7 36. Qxe7+ Rxe7 37. Rc1 c6 38. Ng4 Re4 39. Nf6 Rxd4 40. Re1 Be6 41. Rc1 Rc4 42. Rxc4 Bxc4 43. Nd7+ Ke7 44. Nxb6 Be6 45. Kf2 Kd6 46. Ke3 Kc5 47. a5 Kb5 48. Kd3 Kxa5 49. Nc4+ Kb4 50. Nd2 c5 51. Ke4 c4 52. Ke5 a5 0-1

[Event "Budapest FS08 Nadassy"]
[Site "Budapest"]
[Date "2020.08.04"]
[Round "4.6"]
[White "Kepplinger, Lukas"]
[Black "Kis, Bela"]
[Result "1/2-1/2"]
[WhiteElo "2014"]
[BlackElo "1949"]
[PlyCount "115"]
[EventDate "2020.08.01"]
[EventType "team-schev"]
[EventRounds "14"]
[EventCountry "HUN"]
[SourceTitle "EXT 2021"]
[Source "ChessBase"]
[SourceDate "2020.10.23"]
[SourceVersion "1"]
[SourceVersionDate "2020.10.23"]
[SourceQuality "1"]
[WhiteTeam "Team 2"]
[BlackTeam "Team 1"]
[WhiteTeamCountry "HUN"]
[BlackTeamCountry "HUN"]

1. d4 c5 2. d5 e5 3. c4 d6 4. Nc3 Nf6 5. Qc2 Be7 6. e4 Na6 7. a3 0-0 8. Bd3 Nh5 9. Nge2 Bg5 10. 0-0 Nf4 11. Nxf4 Bxf4 12. Ne2 g5 13. g3 Bxc1 14. Rfxc1 Bh3 15. Kh1 Qf6 16. Ng1 Bd7 17. Rf1 Rab8 18. f3 b5 19. Rf2 bxc4 20. Bxc4 Bb5 21. Qe2 Bxc4 22. Qxc4 Nc7 23. b4 Rb5 24. Ne2 Qe7 25. Nc3 Rb7 26. bxc5 dxc5 27. Na4 Rb5 28. Rb2 Rxb2 29. Nxb2 Qd6 30. Nd3 Rc8 31. Rc1 Qa6 32. Qxa6 Nxa6 33. Nxe5 f6 34. Nc6 Rc7 35. Kg2 Kf7 36. f4 gxf4 37. gxf4 Ke8 38. Rc4 Rb7 39. Ra4 Rb6 40. Nxa7 Nb8 41. Nc8 Rb2+ 42. Kg3 Kd7 43. Na7 Kd6 44. Ra5 c4 45. Rb5 Rb3+ 46. Kf2 Nd7 47. Ke2 Rxa3 48. Nc6 Rh3 49. Na5 c3 50. Nc4+ Kc7 51. e5 fxe5 52. fxe5 Rh4 53. Rb4 Rxh2+ 54. Kd1 Nxe5 55. d6+ Kc6 56. Nxe5+ Kxd6 57. Nf3 Kc5 58. Rb8 1/2-1/2

[Event "Budapest FS07 Nadassy"]
[Site "Budapest"]
[Date "2020.07.14"]
[Round "10"]
[White "Nemeth, Zalan"]
[Black "Kis, Bela"]
[Result "1-0"]
[WhiteElo "1989"]
[BlackElo "1976"]
[PlyCount "97"]
[EventDate "2020.07.04"]
[EventType "team-schev"]
[EventRounds "14"]
[EventCountry "HUN"]
[SourceTitle "CBM 197 Extra"]
[Source "ChessBase"]
[SourceDate "2020.09.30"]
[SourceVersion "1"]
[SourceVersionDate "2020.09.30"]
[SourceQuality "1"]
[WhiteTeam "Weaker Row"]
[BlackTeam "Stronger Row"]
[WhiteTeamCountry "HUN"]
[BlackTeamCountry "HUN"]

1. c4 e5 2. g3 Nf6 3. Bg2 Nc6 4. Nc3 Bb4 5. e4 Bxc3 6. bxc3 d6 7. Ne2 Be6 8. d3 h6 9. 0-0 Qd7 10. Rb1 Rb8 11. f4 Bg4 12. f5 Na5 13. h3 Bxe2 14. Qxe2 c5 15. g4 Nh7 16. Be3 f6 17. h4 0-0 18. Rf3 b5 19. Rg3 bxc4 20. Rxb8 Rxb8 21. g5 hxg5 22. hxg5 Nxg5 23. Bxg5 fxg5 24. Rxg5 Qe7 25. Qg4 cxd3 26. Rg6 Rf8 27. Re6 Qd8 28. Qh5 Rf7 29. f6 gxf6 30. Qg6+ Kf8 31. Kf1 Nc6 32. Bf3 Ne7 33. Qh6+ Kg8 34. Rxf6 Rxf6 35. Qxf6 Nc6 36. Qe6+ Kg7 37. Qg4+ Kf7 38. Qh5+ Ke7 39. Qh7+ Kf8 40. Qh8+ Kf7 41. Bh5+ Ke6 42. Bg4+ Kf7 43. Qh7+ Kf8 44. Qh6+ Kf7 45. Qh7+ Kf6 46. Bf5 Kg5 47. Kf2 Qe8 48. Qg7+ Kh5 49. Kg3 1-0

[Event "Budapest FS07 Nadassy"]
[Site "Budapest"]
[Date "2020.07.12"]
[Round "8"]
[White "Tancsa, Tamas"]
[Black "Kis, Bela"]
[Result "0-1"]
[WhiteElo "2105"]
[BlackElo "1976"]
[PlyCount "60"]
[EventDate "2020.07.04"]
[EventType "team-schev"]
[EventRounds "14"]
[EventCountry "HUN"]
[SourceTitle "CBM 197 Extra"]
[Source "ChessBase"]
[SourceDate "2020.09.30"]
[SourceVersion "1"]
[SourceVersionDate "2020.09.30"]
[SourceQuality "1"]
[WhiteTeam "Weaker Row"]
[BlackTeam "Stronger Row"]
[WhiteTeamCountry "HUN"]
[BlackTeamCountry "HUN"]

1. e4 d6 2. d4 Nf6 3. Nc3 g6 4. f4 Bg7 5. Bd3 0-0 6. Nf3 c5 7. dxc5 dxc5 8. e5 Ng4 9. 0-0 Nc6 10. h3 c4 11. hxg4 cxd3 12. cxd3 Bxg4 13. Be3 Qd7 14. Qd2 Rad8 15. Rad1 Bxf3 16. Rxf3 Nd4 17. Rff1 f6 18. exf6 Bxf6 19. Ne4 Qg4 20. Nxf6+ Rxf6 21. Rde1 Nf5 22. Bc5 Rd7 23. Qc3 Rc6 24. Qb3+ Kf8 25. Re5 b6 26. Ba3 Nd4 27. Qa4 Rc2 28. Rf2 Nf3+ 29. Kf1 Rc1+ 30. Ke2 Re1# 0-1

[Event "Budapest FS07 Nadassy"]
[Site "Budapest"]
[Date "2020.07.05"]
[Round "2"]
[White "Lakatos, Tamas"]
[Black "Kis, Bela"]
[Result "1/2-1/2"]
[WhiteElo "1940"]
[BlackElo "1976"]
[PlyCount "65"]
[EventDate "2020.07.04"]
[EventType "team-schev"]
[EventRounds "14"]
[EventCountry "HUN"]
[SourceTitle "CBM 197 Extra"]
[Source "ChessBase"]
[SourceDate "2020.09.30"]
[SourceVersion "1"]
[SourceVersionDate "2020.09.30"]
[SourceQuality "1"]
[WhiteTeam "Weaker Row"]
[BlackTeam "Stronger Row"]
[WhiteTeamCountry "HUN"]
[BlackTeamCountry "HUN"]

1. e4 d6 2. d4 Nf6 3. Nc3 g6 4. f4 Bg7 5. Nf3 0-0 6. Bd3 Nc6 7. 0-0 e5 8. dxe5 dxe5 9. f5 gxf5 10. exf5 e4 11. Nxe4 Bxf5 12. Nxf6+ Qxf6 13. Bg5 Qg6 14. Nh4 Qxg5 15. Nxf5 Ne5 16. h4 Qg4 17. Qd2 Nxd3 18. cxd3 Rae8 19. Rf4 Qg6 20. Raf1 Kh8 21. Nxg7 Qxg7 22. Qf2 Re7 23. b3 b6 24. Qf3 Rg8 25. Kh1 Qb2 26. Rg4 Rxg4 27. Qxg4 Qe5 28. Rf3 Qa1+ 29. Kh2 Qe5+ 30. Rg3 Re8 31. h5 f5 32. Qc4 f4 33. Rf3 1/2-1/2

[Event "Titled Tuesday intern op 12th May"]
[Site "Chess.com INT"]
[Date "2020.05.12"]
[Round "5"]
[White "Al Tarbosh, Ward"]
[Black "Kis, Bela"]
[Result "1-0"]
[WhiteElo "2234"]
[BlackElo "1976"]
[PlyCount "93"]
[EventDate "2020.05.12"]
[EventType "swiss (blitz)"]
[EventRounds "10"]
[EventCountry "USA"]
[SourceTitle "EXT 2021"]
[Source "ChessBase"]
[SourceDate "2020.10.23"]
[SourceVersion "1"]
[SourceVersionDate "2020.10.23"]
[SourceQuality "1"]

1. e4 g6 2. d4 Bg7 3. Nf3 c5 4. d5 d6 5. c4 Nf6 6. Nc3 b5 7. cxb5 a6 8. bxa6 0-0 9. Be2 Nbd7 10. 0-0 Qa5 11. Bd2 Bxa6 12. Bxa6 Qxa6 13. Re1 Ng4 14. Qe2 Rfb8 15. Qxa6 Rxa6 16. Reb1 Nge5 17. Nxe5 Nxe5 18. Nd1 Ra4 19. f3 f5 20. exf5 gxf5 21. Bc3 f4 22. Nf2 Kf7 23. Ne4 h6 24. b3 Ra6 25. Rd1 Rba8 26. Rd2 Ra3 27. Kf1 Nd7 28. Bxg7 Kxg7 29. Re2 Nb6 30. Nc3 Kf7 31. Rae1 R8a7 32. Nb5 R3a5 33. Nxa7 Rxa7 34. Rd2 Ra5 35. Re4 Ke8 36. Rxf4 Kd7 37. g4 Ra8 38. h4 Rg8 39. a4 Kc7 40. a5 Nd7 41. a6 Ne5 42. a7 Ra8 43. Ra2 Kb7 44. g5 hxg5 45. hxg5 Rxa7 46. Rxa7+ Kxa7 47. Re4 1-0

[Event "Titled Tuesday intern op 12th May"]
[Site "Chess.com INT"]
[Date "2020.05.12"]
[Round "10"]
[White "Kis, Bela"]
[Black "Nilsson, Joakim"]
[Result "1-0"]
[WhiteElo "1976"]
[BlackElo "2215"]
[PlyCount "75"]
[EventDate "2020.05.12"]
[EventType "swiss (blitz)"]
[EventRounds "10"]
[EventCountry "USA"]
[SourceTitle "EXT 2021"]
[Source "ChessBase"]
[SourceDate "2020.10.23"]
[SourceVersion "1"]
[SourceVersionDate "2020.10.23"]
[SourceQuality "1"]

1. Nf3 Nf6 2. g3 b6 3. Bg2 Bb7 4. 0-0 c5 5. d3 d6 6. Nbd2 e6 7. a3 Be7 8. c4 0-0 9. b4 Nc6 10. Bb2 Qd7 11. b5 Nd8 12. a4 e5 13. a5 Rb8 14. axb6 axb6 15. Ra7 Qc8 16. Qa4 Ne6 17. Ra1 Ra8 18. Ng5 Rxa7 19. Qxa7 Bxg2 20. Kxg2 Nxg5 21. Qxe7 Qh3+ 22. Kg1 Ng4 23. Nf1 Qh5 24. f3 Nh3+ 25. Kg2 Nf6 26. Bc1 Ng5 27. Bxg5 Qxg5 28. Qxd6 h5 29. Ra6 h4 30. Rxb6 Nh5 31. Rb8 Rxb8 32. Qxb8+ Kh7 33. Qc8 hxg3 34. hxg3 g6 35. b6 Nf4+ 36. Kf2 Nh3+ 37. Qxh3+ Kg7 38. b7 1-0

[Event "Titled Tuesday intern op 5th May"]
[Site "Chess.com INT"]
[Date "2020.05.05"]
[Round "4"]
[White "Kis, Bela"]
[Black "Tomiello, Mateus Costamilan"]
[Result "1-0"]
[WhiteElo "1976"]
[BlackElo "1969"]
[PlyCount "147"]
[EventDate "2020.05.05"]
[EventType "swiss (blitz)"]
[EventRounds "10"]
[EventCountry "USA"]
[SourceTitle "EXT 2021"]
[Source "ChessBase"]
[SourceDate "2020.10.23"]
[SourceVersion "1"]
[SourceVersionDate "2020.10.23"]
[SourceQuality "1"]

1. Nf3 Nf6 2. g3 g6 3. Bg2 Bg7 4. 0-0 0-0 5. c4 c6 6. d4 d5 7. cxd5 cxd5 8. Nc3 Nc6 9. Bf4 b6 10. Rc1 Bb7 11. Ne5 Rc8 12. h3 e6 13. g4 Nd7 14. Nxd7 Qxd7 15. e3 Na5 16. b3 Rc6 17. Qd2 Rfc8 18. Nb1 Ba6 19. Rfd1 Bf8 20. Rxc6 Qxc6 21. Bf1 Bxf1 22. Kxf1 Qc2 23. Ke2 Bb4 24. Qxc2 Rxc2+ 25. Kf1 Rxa2 26. Rc1 Ra1 27. Bh6 f6 28. Kg2 Kf7 29. Rc7+ Ke8 30. Rxa7 Rxb1 31. Rxh7 Nxb3 32. Rb7 Ba5 33. Rg7 Nd2 34. Rxg6 Ne4 35. f3 Rb2+ 36. Kg1 Nc3 37. Rxf6 Ke7 38. Bg5 Ne2+ 39. Kf1 Ng3+ 40. Kg1 Kd7 41. h4 Kc6 42. h5 Ra2 43. h6 Bd2 44. h7 Ra8 45. Rh6 Rh8 46. Kg2 Ne2 47. Kf2 Nc3 48. Bf6 Rxh7 49. Rxh7 b5 50. Rh8 b4 51. g5 Nd1+ 52. Ke2 b3 53. Kxd2 b2 54. Rb8 Kc7 55. Rxb2 Nxb2 56. g6 Kd7 57. Ke2 Ke8 58. e4 dxe4 59. fxe4 Nc4 60. Kf3 Nd6 61. Kf4 Nc4 62. Bh8 Kf8 63. Bf6 Kg8 64. d5 Kf8 65. dxe6 Nb6 66. Kf5 Nc8 67. e7+ Nxe7+ 68. Bxe7+ Kxe7 69. e5 Kf8 70. e6 Kg7 71. e7 Kg8 72. e8Q+ Kg7 73. Qf7+ Kh8 74. Qh7# 1-0

[Event "Titled Tuesday intern op 28th Apr"]
[Site "Chess.com INT"]
[Date "2020.04.28"]
[Round "4"]
[White "Kis, Bela"]
[Black "Perez Rodriguez, Luis Manuel"]
[Result "0-1"]
[WhiteElo "1976"]
[BlackElo "2324"]
[PlyCount "96"]
[EventDate "2020.04.28"]
[EventType "swiss (blitz)"]
[EventRounds "10"]
[EventCountry "USA"]
[SourceTitle "EXT 2021"]
[Source "ChessBase"]
[SourceDate "2020.10.23"]
[SourceVersion "1"]
[SourceVersionDate "2020.10.23"]
[SourceQuality "1"]

1. Nf3 d5 2. g3 g6 3. Bg2 Bg7 4. 0-0 e5 5. d3 Ne7 6. a3 0-0 7. Nbd2 Nbc6 8. c4 h6 9. cxd5 Nxd5 10. Qc2 Bg4 11. h3 Be6 12. Ne4 Kh7 13. Bd2 f5 14. Nc5 Bc8 15. e4 Nde7 16. b4 b6 17. Nb3 Ba6 18. Ne1 f4 19. Rd1 Qd7 20. Bc1 Rad8 21. Bb2 Nd4 22. Nxd4 exd4 23. a4 g5 24. b5 Bb7 25. Rc1 Rc8 26. Ba3 c5 27. bxc6 Rxc6 28. Qb2 Rfc8 29. Nf3 Ng6 30. Rxc6 Rxc6 31. Rc1 Rc3 32. Bb4 Rxd3 33. Qc2 Bxe4 34. Qc7 Qxc7 35. Rxc7 Bxf3 36. Bxf3 Rxf3 37. Kg2 Rb3 38. Bd6 f3+ 39. Kh2 Rb2 40. Kg1 Rb1+ 41. Kh2 Rf1 42. g4 Rxf2+ 43. Kg3 Rf1 44. Rxa7 d3 45. Rd7 d2 46. Bf8 d1Q 47. Rxg7+ Kh8 48. Rxg6 Rg1+ 0-1

[Event "HUN-chT2 Maroczy 1819"]
[Site "Hungary"]
[Date "2019.03.10"]
[Round "9.11"]
[White "Balogh, Akos1111"]
[Black "Kis, Bela"]
[Result "1/2-1/2"]
[WhiteElo "2009"]
[BlackElo "2054"]
[PlyCount "38"]
[EventDate "2018.09.23"]
[EventType "team-tourn"]
[EventRounds "11"]
[EventCountry "HUN"]
[SourceTitle "EXT 2020"]
[Source "ChessBase"]
[SourceDate "2019.10.17"]
[SourceVersion "1"]
[SourceVersionDate "2019.10.17"]
[SourceQuality "1"]
[WhiteTeam "Debrecen Kwizda"]
[BlackTeam "Budapest Vasas"]
[WhiteTeamCountry "HUN"]
[BlackTeamCountry "HUN"]

1. d4 Nf6 2. c4 g6 3. Nc3 d5 4. Bg5 Ne4 5. Nf3 Nxg5 6. Nxg5 Bg7 7. cxd5 c6 8. Nf3 cxd5 9. e3 Nc6 10. Bd3 0-0 11. 0-0 Bg4 12. h3 Bxf3 13. Qxf3 e5 14. dxe5 Nxe5 15. Qe2 d4 16. exd4 Nxd3 17. Qxd3 Bxd4 18. Rad1 Bxc3 19. Qxc3 Qb6 1/2-1/2

[Event "HUN-chT2 Maroczy 1718"]
[Site "Hungary"]
[Date "2018.03.25"]
[Round "8.12"]
[White "Miszler, Levente"]
[Black "Kis, Bela"]
[Result "1/2-1/2"]
[WhiteElo "2156"]
[BlackElo "2052"]
[PlyCount "43"]
[EventDate "2017.10.29"]
[EventType "team-tourn"]
[EventRounds "9"]
[EventCountry "HUN"]
[SourceTitle "EXT 2021"]
[Source "ChessBase"]
[SourceDate "2020.10.23"]
[SourceVersion "1"]
[SourceVersionDate "2020.10.23"]
[SourceQuality "1"]
[WhiteTeam "Toth Laszlo"]
[BlackTeam "Budapest Vasas"]
[WhiteTeamCountry "HUN"]
[BlackTeamCountry "HUN"]

1. Nf3 d5 2. c4 dxc4 3. e3 c5 4. Bxc4 Nf6 5. 0-0 Nc6 6. Nc3 e6 7. b3 Be7 8. Bb2 0-0 9. d4 cxd4 10. Nxd4 Nxd4 11. Qxd4 Qxd4 12. exd4 Rd8 13. Rfd1 Nd5 14. Nxd5 exd5 15. Bd3 Bd7 16. Rac1 Bd6 17. Re1 Rac8 18. g3 Bh3 19. Bf1 Bxf1 20. Kxf1 Rxc1 21. Rxc1 Re8 22. Re1 1/2-1/2

[Event "Budapest-chT1 Lilienthal 1718"]
[Site "Budapest"]
[Date "2018.03.11"]
[Round "11"]
[White "Kis, Bela"]
[Black "Monduk, Ferenc"]
[Result "1-0"]
[WhiteElo "2021"]
[BlackElo "1781"]
[PlyCount "95"]
[EventDate "2017.10.01"]
[EventType "team-tourn"]
[EventRounds "13"]
[EventCountry "HUN"]
[SourceTitle "EXT 2021"]
[Source "ChessBase"]
[SourceDate "2020.10.23"]
[SourceVersion "1"]
[SourceVersionDate "2020.10.23"]
[SourceQuality "1"]
[WhiteTeam "Budapest Vasas II"]
[BlackTeam "Csepel"]
[WhiteTeamCountry "HUN"]
[BlackTeamCountry "HUN"]

1. d4 Nf6 2. c4 g6 3. Nc3 Bg7 4. e4 0-0 5. Be3 d6 6. f3 e5 7. d5 Nh5 8. Bd3 Nf4 9. Bxf4 exf4 10. Nge2 Qh4+ 11. Kd2 Qf6 12. Kc2 Nd7 13. Qd2 Bh6 14. g3 Ne5 15. gxf4 Nxf3 16. Qe3 Bg4 17. h3 Bh5 18. Raf1 Nh4 19. Qg3 Rae8 20. e5 dxe5 21. Ne4 Qe7 22. fxe5 Bg7 23. Nf6+ Bxf6 24. exf6 Qe3 25. Qxe3 Rxe3 26. Nd4 a6 27. Rf4 Ng2 28. Re4 Rxe4 29. Bxe4 Nf4 30. d6 cxd6 31. Bxb7 a5 32. Nc6 Be2 33. Kc3 a4 34. Ne7+ Kh8 35. Bc6 Nh5 36. Rh2 Bf1 37. Nd5 Rc8 38. Bb5 Ng3 39. Kb4 Ne4 40. Nb6 Rb8 41. Ka5 Nc5 42. Bc6 h6 43. h4 Rd8 44. Bd5 Ne6 45. Bxe6 fxe6 46. Rf2 Bd3 47. f7 Kg7 48. Nd7 1-0

[Event "Budapest-chT1 Lilienthal 1718"]
[Site "Budapest"]
[Date "2018.02.11"]
[Round "9"]
[White "Pasztor, Daniel"]
[Black "Kis, Bela"]
[Result "0-1"]
[WhiteElo "1736"]
[BlackElo "2021"]
[PlyCount "92"]
[EventDate "2017.10.01"]
[EventType "team-tourn"]
[EventRounds "13"]
[EventCountry "HUN"]
[SourceTitle "EXT 2021"]
[Source "ChessBase"]
[SourceDate "2020.10.23"]
[SourceVersion "1"]
[SourceVersionDate "2020.10.23"]
[SourceQuality "1"]
[WhiteTeam "Barcza GSC"]
[BlackTeam "Budapest Vasas II"]
[WhiteTeamCountry "HUN"]
[BlackTeamCountry "HUN"]

1. e4 e5 2. Nf3 Nc6 3. Bc4 Bc5 4. c3 d6 5. d4 exd4 6. cxd4 Bb6 7. Ng5 Nh6 8. Be3 Qf6 9. Nc3 Be6 10. e5 Qg6 11. Bd3 Bf5 12. Bxf5 Nxf5 13. exd6 Nxe3 14. fxe3 Qxg5 15. Qf3 cxd6 16. 0-0 0-0 17. Ne4 Qh6 18. Qg3 f5 19. Ng5 Nxd4 20. exd4 Bxd4+ 21. Kh1 Be5 22. Qb3+ Kh8 23. Nh3 b6 24. Rac1 Rac8 25. Rc2 Rxc2 26. Qxc2 Qe6 27. b3 Rc8 28. Qb1 Rc3 29. Rxf5 g6 30. Rf1 Rxh3 31. gxh3 Qd5+ 32. Kg1 Bd4+ 33. Rf2 Qf3 34. Qb2 Qxf2+ 35. Qxf2 Bxf2+ 36. Kxf2 Kg7 37. Ke3 Kf6 38. Kd4 Ke6 39. a4 g5 40. b4 a6 41. Ke4 d5+ 42. Kd4 Kd6 43. Ke3 Ke5 44. Kd3 d4 45. Kc4 Ke4 46. a5 bxa5 0-1